Escuelas democráticas
Պահպանված է:
| Հիմնական հեղինակներ: | , |
|---|---|
| Ձևաչափ: | Գիրք |
| Լեզու: | իսպաներեն |
| Հրապարակվել է: |
Madrid
Morata
1997
|
| Հրատարակություն: | 1a. ed |
| Շարք: | Pedagogía: la Pedagogía Hoy
|
| Խորագրեր: | |
| Ցուցիչներ: |
Ավելացրեք ցուցիչ
Չկան պիտակներ, Եղեք առաջինը, ով նշում է այս գրառումը!
|
MARC
| LEADER | 00000nam a2200000 a 4500 | ||
|---|---|---|---|
| 001 | UCH6561 | ||
| 003 | CL-VaPUC | ||
| 008 | 091109e19970000SP |||||||||||||||||spa|d | ||
| 020 | |a 8471124092 | ||
| 082 | 0 | 4 | |a 371 |b APP |2 21 |
| 100 | 0 | |a Apple, Michael W |e author |9 543128 | |
| 700 | 0 | |a Beane, James A |e author |9 543129 | |
| 245 | 1 | 0 | |a Escuelas democráticas |
| 250 | |a 1a. ed | ||
| 300 | |a 167 p | ||
| 942 | |c BK | ||
| 945 | |d 20091109 00:00:00 |a ccalabra | ||
| 260 | |a Madrid |b Morata |c 1997 | ||
| 650 | 0 | |a Educación |9 258661 | |
| 650 | 0 | |a Reforma educacional |9 256319 | |
| 650 | 0 | |a Calidad de la educación |9 307271 | |
| 650 | 0 | |a Educadores |9 314091 | |
| 650 | 7 | |a METODOS EDUCATIVOS |2 CL-VaPUC |9 327403 | |
| 650 | 0 | |a Pedagogía crítica |9 468400 | |
| 650 | 0 | |a Educación pública |9 309676 | |
| 583 | |a last modification |c 20091109 00:00:00 |k Rodrigo Vera | ||
| 490 | 0 | |a Pedagogía: la Pedagogía Hoy | |
| 999 | |c 337430 |d 337428 | ||
| 952 | |0 0 |1 0 |4 0 |6 371_000000000000000_APP_1997 |7 0 |8 A |9 429856 |a BIBEDU |b BIBEDU |d 2019-11-22 |i 4716337 |o 371 APP 1997 |p 4716337 |r 2019-11-22 |w 2019-11-22 |y BK |k PAR | ||
| 952 | |0 0 |1 0 |4 0 |6 371_000000000000000_APP_1997 |7 0 |8 A |9 429857 |a BIBEDU |b BIBEDU |d 2019-11-22 |i 4716345 |o 371 APP 1997 |p 4716345 |r 2019-11-22 |w 2019-11-22 |y BK |k PAR | ||
| 952 | |0 0 |1 0 |4 0 |6 371_000000000000000_APP_1997 |7 0 |8 A |9 429858 |a BIBEDU |b BIBEDU |d 2019-11-22 |i 4716353 |l 2 |m 1 |o 371 APP 1997 |p 4716353 |r 2022-12-09 |s 2022-11-24 |w 2019-11-22 |y BK |k PAR | ||